|
|
|
|
| LEADER |
00000cam a2200000 i 4500 |
| 001 |
1/95472 |
| 008 |
081015s1958 gre d |
| 035 |
|
|
|l 10100912
|
| 040 |
|
|
|a GR-MY-UA
|b gre
|e aacr
|
| 041 |
0 |
|
|a gre
|
| 082 |
0 |
|
|a 738.3820938
|2 (22)
|
| 100 |
1 |
|
|a Κωνσταντινίδης, Κ. Ν.,
|d 1885-1971.
|
| 245 |
1 |
3 |
|a Οι Ροδιακοί αμφορείς κ' οι σφραγίδες τους
|h [ανάτυπο] /
|c Κ.Ν. Κωνσταντινίδη
|
| 260 |
|
|
|a Αθήναι :
|b [χ.ό.],
|c 1958
|
| 300 |
|
|
|a π. [35] σ.;
|c 24 εκ.
|
| 500 |
|
|
|a Οι σελίδες αριθμούνται 195-224
|
| 500 |
|
|
|a "Ανάτυπον εκ του <<Δωδεκανησιακού αρχείου>>, τόμος Γ' (1958)"
|
| 650 |
0 |
0 |
|a Pottery, Greek
|z Greece
|z Rhodes (Island)
|
| 650 |
0 |
0 |
|a Vases, Greek
|z Greece
|z Rhodes (Island)
|
| 650 |
0 |
0 |
|a Stamp seals.
|
| 651 |
|
0 |
|a Rhodes (Greece : Island)
|x Antiquities.
|
| 852 |
|
|
|a INST
|b RHODES
|c AKA
|e 20081015
|h 738.3820938 ΚΩΝ
|p 005400030988
|q 005400030988
|t BK
|y 0
|
| 901 |
|
|
|a BIBL4-2008-3
|
| 909 |
|
|
|a Ρ
|b 153347
|
| 970 |
|
|
|a ΧΑΡΙΟΠΟΛΙΤΟΥ
|b ΚΩΝΣΤΑΝΤΙΝΑ
|z 2008/10/15
|